000 00357nam a2200157Ia 4500
008 230917s9999||||xx |||||||||||||| ||und||
020 _cRS175
040 _e15306
_aMAIN
041 _aEnglish
082 _a301.04 G959M
100 _aGupta, M G
245 0 _aModern socialist theories
260 _aAgra
_bM G
_c1992
300 _aii,160 p.
942 _cBK
999 _c65588
_d65588